¿Qué nos enseña Centroamérica?/
Gespeichert in:
| 1. Verfasser: | |
|---|---|
| Format: | Buch |
| Sprache: | Spanish |
| Tags: |
Tag hinzufügen
Keine Tags, Fügen Sie den ersten Tag hinzu!
|
MARC
| LEADER | 00000nam a22000007a 4500 | ||
|---|---|---|---|
| 003 | cru CIDCACS/IIS | ||
| 005 | 20200124062539.0 | ||
| 007 | ta | ||
| 008 | 191212t2009 ag |||||r||||||0| ||spa|d | ||
| 999 | |c 42760 |d 42760 | ||
| 040 | |d cru CIDCACS/IIS |c cru CIDCACS/IIS | ||
| 100 | 1 | |a Martínez Franzoni, Juliana |9 5912 | |
| 245 | 1 | |a ¿Qué nos enseña Centroamérica?/ |c Martínez Fransoni, Juliana | |
| 300 | |a páginas 14-19 | ||
| 773 | 0 | |0 42758 |9 4117 |d Buenos Aires: Fundación OSDE, 2009 |o 14106 |t Todavía: |x 16665864 | |
| 942 | |2 ddc |c LI | ||
